000 00682nam a2200289Ia 4500
005 20260324142223.0
008 008 260324s9999 xx 000 0 eng d
020 _a9780203044087
037 _aEBOOK
040 _aCRL
040 _beng
040 _cCRL
041 _2eng
041 _aeng
084 _qCRL
100 _aRobert Fitzgerald
_91210660
245 4 _aThe State and Economic Development
245 0 _bLessons from the Far East
260 _bTaylor and Francis
260 _c1995
365 _a
365 _b300
856 _uhttp://www.taylorfrancis.com/books/9780203044087
942 _cEBOOK
999 _c1815056
_d1815056